000
00232nam a22000857a 4500
008
160905b xxu||||| |||| 00| 0 eng d
100
_9
301
_a
Aggarwal M.L
245
_a
CCE Mathematics-IX
_b
Term-I
260
_a
New Delhi
_b
APC publication
_c
2011
999
_c
2961
_d
2961